header

Language as behaviour, language as code (Record no. 120614)

MARC details
000 -LEADER
fixed length control field 01617nam a2200397Ia 4500
100 1# - MAIN ENTRY--AUTHOR NAME
Personal name Young, Lynne.
245 10 - TITLE STATEMENT
Title Language as behaviour, language as code
260 ## - PUBLICATION, DISTRIBUTION, ETC. (IMPRINT)
Place of publication Amsterdam ;
-- Philadelphia :
Name of publisher J. Benjamins Pub.,
Year of publication 1990.
300 ## - PHYSICAL DESCRIPTION
Number of Pages ix, 304 p. :
Other physical details ill.
490 1# - SERIES STATEMENT
Series statement Pragmatics & beyond ;
650 #0 - SUBJECT ADDED ENTRY--TOPICAL TERM
Topical Term English language
Topical Term Interdisciplinary approach in education
Topical Term Education, Higher
Topical Term English language
Topical Term Pragmatics.
856 40 - ELECTRONIC LOCATION AND ACCESS
Uniform Resource Identifier http://site.ebrary.com/lib/rucke/Doc?id=10484074

No items available.

© 2026 Rongo University
Contact us: librarian | system librarian | Rongo university